| 000 | 00377pab a2200169 454500 | ||
|---|---|---|---|
| 008 | 180718b1982 xxu||||| |||| 00| 0 eng d | ||
| 100 | _aMoitra, M.K. | ||
| 245 | _aHousing and urban federation | ||
| 260 | _c1982 | ||
| 300 | _ap.72-84. | ||
| 362 | _aOct-Dec | ||
| 650 | _aUrban development | ||
| 650 | _aHousing | ||
| 773 | _aNagarlok | ||
| 908 | _aN | ||
| 909 | _a101907 | ||
| 999 |
_c101905 _d101905 |
||